All Countries Never To Qualify For A FIFA World Cup - Statistics

General Stats
  • This quiz has been taken 44,931 times
    5,375 since last reset
  • The average score is 102 of 128
Answer Stats
Confederation Country % Correct
UEFA Andorra
91%
AFC India
90%
UEFA Latvia
90%
UEFA Liechtenstein
90%
UEFA San Marino
90%
UEFA Armenia
89%
UEFA Azerbaijan
89%
UEFA Estonia
89%
UEFA Lithuania
89%
UEFA Luxembourg
89%
AFC Oman
89%
AFC Yemen
89%
AFC Pakistan
88%
AFC Tajikistan
88%
AFC Afghanistan
87%
UEFA Georgia
87%
UEFA Kazakhstan
87%
AFC Laos
87%
CAF South Sudan
87%
CAF Sudan
87%
AFC Turkmenistan
87%
AFC Vietnam
87%
CAF Zimbabwe
87%
UEFA Belarus
86%
AFC Bhutan
86%
AFC Cambodia
86%
CAF Chad
86%
CONCACAF Saint Vincent and the Grenadines
86%
CAF Eritrea
86%
CAF Eswatini
86%
OFC Fiji
86%
CAF Guinea
86%
UEFA Kosovo
86%
AFC Kyrgyzstan
86%
CAF Lesotho
86%
UEFA Malta
86%
AFC Nepal
86%
CAF Somalia
86%
CONCACAF St. Kitts and Nevis
86%
CONCACAF St. Lucia
86%
CAF Zambia
86%
OFC American Samoa
85%
CONCACAF Dominican Republic
85%
CAF Mauritania
85%
CAF Rwanda
85%
OFC Samoa
85%
CAF Seychelles
85%
AFC Thailand
85%
UEFA Albania
84%
AFC Bangladesh
84%
CAF Burundi
84%
UEFA Cyprus
84%
CAF Djibouti
84%
CONCACAF Dominica
84%
CAF Ethiopia
84%
UEFA Finland
84%
CAF Guinea-Bissau
84%
CAF Kenya
84%
CAF Madagascar
84%
CAF Mali
84%
CAF Mauritius
84%
UEFA Moldova
84%
AFC Mongolia
84%
UEFA Montenegro
84%
UEFA North Macedonia
84%
CAF Republic of the Congo
84%
OFC Tonga
84%
CONCACAF Antigua and Barbuda
83%
CONCACAF Bahamas
83%
AFC Bahrain
83%
CONCACAF Barbados
83%
CONCACAF Belize
83%
CAF Benin
83%
CAF Comoros
83%
CAF Gambia
83%
AFC Malaysia
83%
AFC Myanmar
83%
CAF Namibia
83%
CAF Niger
83%
AFC Singapore
83%
CAF Botswana
82%
AFC Brunei
82%
CAF Central African Republic
82%
AFC Chinese Taipei
82%
CAF Equatorial Guinea
82%
AFC Lebanon
82%
CAF Libya
82%
CAF Mozambique
82%
OFC Papua New Guinea
82%
OFC Solomon Islands
82%
AFC Sri Lanka
82%
CAF Tanzania
82%
AFC Timor-Leste
82%
CAF Uganda
82%
CAF Liberia
81%
AFC Maldives
81%
CONCACAF Suriname
81%
AFC Syria
81%
OFC Vanuatu
81%
CAF Gabon
80%
CONCACAF Guyana
80%
CAF Malawi
80%
CAF São Tomé and Príncipe
80%
CAF Burkina Faso
79%
CONCACAF Grenada
79%
CONCACAF Nicaragua
78%
CAF Sierra Leone
78%
CONCACAF Guatemala
77%
AFC Philippines
77%
CONMEBOL Venezuela
74%
CONCACAF British Virgin Islands
64%
UEFA Faroe Islands
64%
CONCACAF U.S. Virgin Islands
64%
CONCACAF Aruba
63%
UEFA Gibraltar
61%
CONCACAF Bermuda
56%
CONCACAF Puerto Rico
56%
AFC Guam
55%
AFC Hong Kong
55%
AFC Palestine
55%
AFC Macau
49%
OFC New Caledonia
48%
OFC Tahiti
48%
CONCACAF Anguilla
43%
CONCACAF Cayman Islands
42%
OFC Cook Islands
42%
CONCACAF Montserrat
42%
CONCACAF Turks and Caicos
39%
No matching quizzes found
Score Distribution
Percent of People with Each Score
Percentile by Number Answered
Your Score History
You have not taken this quiz since the last reset